000 00384nam a2200157Ia 4500
008 240322s2014 xx 000 0 und d
020 _a9788131220719
041 _aeng
082 _a616.07,DAM
100 _aDAMJANOV I., LINDER J.
245 _aANDERSON'S PATHOLOGY VOL. 1 /
250 _a10
260 _bELSEVIER CHIRCHILL2014
_c2014
562 _e1
999 _c1151078
_d1151078
650 _aPATHOLOGY